Countries By Rare Earths Reserves - Statistics

General Stats
  • This quiz has been taken 49 times
  • The average score is 8 of 11
Answer Stats
Rare Earths Reserves Answer % Correct
21,000,000 Russia
98%
44,000,000 China
95%
5,700,000 Australia
91%
15,000,000 Canada
88%
1,900,000 United States
86%
10,000,000 Brazil
79%
6,900,000 India
77%
900,000 South Africa
74%
3,500,000 Vietnam
30%
2,200,000 Sweden
23%
900,000 Tanzania
21%
No matching quizzes found
Score Distribution
Percent of People with Each Score
Percentile by Number Answered
Your Score History
You have not taken this quiz